Statistics for Artists who reached #1 in the USA that starts with I or J

Click here to take the quiz!

General Stats

  • This quiz has been taken 24 times
  • The average score is 13 of 24

Answer Stats

#SongArtist% Correct
1Sad EyesRobert John
100%
9Candle in the Wind 1997Elton John
100%
1Seasons in the SunTerry Jacks
100%
10That's the Way Love GoesJanet Jackson
100%
13BadMichael Jackson
100%
4ABCThe Jackson 5
90%
3Piano ManBilly Joel
90%
2Thank God I Found YouJoe
86%
1I Love Rock 'n RollJoan Jett and the Blackhearts
81%
1Call Me MaybeCarly Rae Jepsen
76%
1Eyes Without a FaceBilly Idol
57%
1Me and Bobby McGeeJanis Joplin
57%
4Empire State of MindJay-Z
57%
1This Is How We Do ItMontell Jordan
48%
1What You NeedINXS
43%
1Surf CityJan & Dean
33%
1Young LoveSonny James
33%
2Be With YouEnrique Iglesias
14%
3I'm Real (Murder Remix)Ja Rule
14%
2I Don't Have the HeartJames Ingram
10%
1Bounce ItJuicy J
5%
1Slow MotionJuvenile
5%
1Nappy HeadsWyclef Jean
0%
2Hanky PankyTommy James and the Shondells
0%

Score Distribution

Percentile by Number Answered

Percent of People with Each Score

Your Score History

You have not taken this quiz